000 00622cam a2200205 4500
001 D9807
008 090401t1977 xxu||||| |||| 00| 0 eng d
035 _a(Sirsi) u22537
041 _aeng
050 _a333.332
100 _aWhite, Philip H
245 4 _aThe value of investment properties; two faces of Janus
260 _aReading
_bCALUS
_c1977
300 _a15p. 21cm
350 _a0
490 _aOccasional Paper
_vs in Estate Management 9
520 _a(Text of the University of Reading Public Lecture in Estate Management ... given ... on Tuesday 22nd February, 1977)
942 _n0
948 _c04/03/1997
999 _c88202
_d88202